Kansas State Football: Top 10 All-Time Leaders - Statistics

General Stats
  • This quiz has been taken 12 times
  • The average score is 19 of 62
Answer Stats
Category # Player Amount % Correct
Rushing Yards 2 Deuce Vaughn 3,604
86%
Rushing Yards 3 DJ Giddens 3,087
86%
Passing Yards 5 Will Howard 5,786
86%
Receiving Yards 5 Aaron Lockett 2,400
71%
Passing Yards 9 Collin Klein 4,724
71%
Rushing Yards 9 Collin Klein 2,485
71%
Rushing Yards 1 Darren Sproles 4,979
71%
Receiving Yards 2 Kevin Lockett 3,032
71%
Receiving Yards 1 Tyler Lockett 3,710
71%
Sacks 1 Darren Howard 29.5
57%
Passing Yards 1 Josh Freeman 8,078
57%
Passing Yards 2 Skylar Thompson 7,134
57%
Sacks T6 Felix Anudike-Uzomah 20.5
43%
Passing Yards 4 Jake Waters 5,970
43%
Receiving Yards 3 Jordy Nelson 2,822
43%
Passing Yards 3 Lynn Dickey 6,208
43%
Tackles 3 Mark Simoneau 400
43%
Receiving Yards 4 Michael Smith 2,457
43%
Interceptions T8 Terence Newman 10
43%
Passing Yards 6 Chad May 5,253
29%
Interceptions 2 Chris Canty 14
29%
Rushing Yards 5 Daniel Thomas 2,850
29%
Passing Yards 8 Ell Roberson 5,099
29%
Rushing Yards 6 Ell Roberson 2,818
29%
Sacks 3 Jordan Willis 25.5
29%
Receiving Yards 9 Malik Knowles 1,867
29%
Receiving Yards 6 Quincy Morgan 2,173
29%
Rushing Yards 7 Alex Barnes 2,616
14%
Sacks T8 Andrew Shull 20.0
14%
Tackles 10 Barton Hundley 314
14%
Tackles 2 Brooks Barta 436
14%
Tackles 8 Carl Pennington 340
14%
Passing Yards 7 Carl Straw 5,223
14%
Interceptions T8 C.J. Masters 10
14%
Interceptions T5 Clarence Scott 12
14%
Tackles 6 Danny Lankas 363
14%
Tackles 7 Dan Ruzich 359
14%
Receiving Yards 8 Dave Jones 1,904
14%
Sacks 4 Dirk Ochs 24.0
14%
Interceptions T3 Dyshod Carter 13
14%
Rushing Yards 8 Eric Hickson 2,537
14%
Interceptions T8 Gary Morrill 10
14%
Tackles 1 Gary Spani 543
14%
Sacks T6 Ian Campbell 20.5
14%
Interceptions 1 Jaime Mendez 15
14%
Interceptions T8 Jermetrius Butler 10
14%
Rushing Yards 4 John Hubert 2,993
14%
Passing Yards 10 Jonathan Beasley 4,642
14%
Tackles 4 Josh Buhl 398
14%
Interceptions 7 Marcus Miller 11
14%
Tackles 9 Matt Wallerstedt 338
14%
Rushing Yards 10 Mike Lawrence 2,265
14%
Receiving Yards 10 Mitch Running 1,821
14%
Sacks 5 Monty Beisel 22.0
14%
Interceptions T5 Nigel Malone 12
14%
Sacks 2 Nyle Wiren 27.5
14%
Receiving Yards 7 Phillip Brooks 2,127
14%
Sacks T8 Ryan Mueller 20.0
14%
Tackles 5 Theopilis Bryant 381
14%
Interceptions T8 Tysyn Hartman 10
14%
Interceptions T3 Ty Zimmerman 13
14%
Sacks T8 Wyatt Hubert 20.0
14%
No matching quizzes found
Score Distribution
Percent of People with Each Score
Percentile by Number Answered
Your Score History
You have not taken this quiz